000 00309nam a22001217a 4500
008 160521b xxu||||| |||| 00| 0 eng d
020 _a9780618606061
020 _a9780618606061
041 _aeng
080 _a579
245 _aGeneral organic and biological chemistry :
_cH. Stephen Stoker;
942 _2udc
_cBK
999 _c2332
_d2332